000 01702nam a2200265 a 4500
005 20150410020002.0
008 131205b2005 CK ||||| |||| 00| 0 spa d
040 _cCO-BoIH
041 _aspa
044 _ack
090 _aIAVH
_b00439
100 _aCastellanos C., Laura
_93293
245 _aDiagnóstico de sistema de uso de biodiversidad
_binforme final
260 _aBogotá
_bInstituto Alexander von Humboldt
_c2005
300 _a208 p.
520 _aEl objeto de este estudio es caracterizar y diagnosticar de manera integral los sistemas de uso de la biodiversidad andina, partiendo de sus tres principales componentes o subsistemas: usuarios (considerando aspectos socioeconómicos, culturales y de manejo de su entorno ambiental, así como su conocimiento asociado al uso de los recursos; espacios de uso (de acuerdo con características ecológicas y paisajísticas, considerando su estado de conservación y viabilidad de permanencia, de acuerdo con procesos de intervención y transformación a los que son sometidos; y recursos utilizados (en relación al tipo de uso, la demanda y la oferta natural, estimada en el paisaje, según características autoecológicas intrínsecas), como primer paso para la generación de herramientas de manejo, conservación y uso de la biodiversidad, involucrando la función que cumplen las comunidades locales en la viabilidad y éxito de estas propuestas.
650 _aCaracterización
_930580
650 _aDiagnóstico
_930581
650 _aConservación
_930582
650 _aHerramientas de manejo
_93295
650 _aUsuarios
_93296
650 _aEspacios de uso
_93297
650 _aRecursos usados
_93298
942 _cINFORME
_2z
_01
999 _c4806
_d4806